| 000 | 01655cam a2200397 4500 | ||
|---|---|---|---|
| 008 | 040112n2003 000 0 eng u | ||
| 020 | _a0582473446 | ||
| 035 | _a(Sirsi) u124824 | ||
| 041 | _aeng | ||
| 050 |
_a346.41043 _c18 |
||
| 100 | _aChappelle, Diane | ||
| 245 | _aLand law | ||
| 250 | _a6th ed. | ||
| 260 |
_aHarlow _bLongman _c2003 |
||
| 300 |
_axxxvi, 508p. _c25cm. |
||
| 350 | _a15 | ||
| 490 | _aLongman Foundation Studies in Law Series | ||
| 520 | _aProvides a clear introduction into the main principles of land law. The first section provides an introduction to land law, including the acquisition and protection of land interests. The second section examines the legal estates including: strict settlements; trusts of land; and commonhold. The third looks at interests in land, mortgages, easements, profits, rentcharges, restrictive covenants and estate contracts. Glossary. | ||
| 650 | _aLAND REGISTRATION ACT 2002 | ||
| 650 | _aCOMMONHOLD AND LEASEHOLD REFORM ACT 2002 | ||
| 650 | _aYAXLEY V GOTTS | ||
| 650 | _aSHAH V SHAH AND ANOTHER | ||
| 650 | _aLAMBETH LBC V BLACKBURN | ||
| 650 | _aTRUSTS OF LAND AND APPOINTMENT OF TRUSTES ACT 1996 | ||
| 650 | _aMORTGAGE CORPORATION V SHAIRE AND OTHERS | ||
| 650 | _aBANK OF IRELAND HOME MORTGAGES LTD V BELL AND ANOTHER | ||
| 650 | _aHOUSING ACT 1988 | ||
| 650 | _aURATEMP VENTURES LTD V COLLINS AND CARRELL | ||
| 650 | _aROYAL BANK OF SCOTLAND V ETRIDGE | ||
| 650 | _aEASEMENTS | ||
| 650 | _aATTWOOD AND OTHERS V BOVIS HOMES LTD | ||
| 650 | _aGOODMAN'S ADMINISTRATOR V CARLTON | ||
| 650 | _aJONES V PRICE AND MORGAN | ||
| 690 | _aPROPERTY | ||
| 942 | _n0 | ||
| 999 |
_c103284 _d103284 |
||